| 000 | 00764nam a2200193 a 4500 | ||
|---|---|---|---|
| 001 | 000034049 | ||
| 005 | 20200930070730.0 | ||
| 008 | 110921s2000 dr 000 0 spa d | ||
| 040 |
_aDO-SdBNP _bspa _cBNPHU |
||
| 100 | 1 |
_aPascual Morán, Vanessa _959488 |
|
| 245 | 1 | 0 |
_aIslas sin fronteras : _b: los dominicanos indocumentados y la agricultura en Puerto Rico / _cVanessa Pascual Morán, Delia Ivette Figueroa. |
| 260 |
_aCarolina : _bCISCLA/Revista Interamericana, _c2000. |
||
| 300 |
_aiii, 64 p. : _bil., ; _c24 cm. |
||
| 490 | 1 |
_aCISCLA/Revista Interamericana. _amonográfica ; _vno. 5 |
|
| 504 | _aBibliografía: p. 59-64. | ||
| 700 | 1 |
_aFigueroa, Delia Ivette. _959489 |
|
| 830 | 0 |
_aCISCLA/Revista Interamericana. _pmonográfica ; _vno. 5 _959490 |
|
| 049 | _aBNPD | ||
| 999 |
_c33540 _d33540 |
||